Rocket League All Cars Quiz - Statistics

General Stats
  • This quiz has been taken 1,035 times
  • The average score is 9 of 16
Answer Stats
Answer % Correct
Octane
97%
Dominus
88%
Merc
74%
Breakout
73%
Scarab
57%
Road Hog
54%
X-Devil
52%
Takumi
49%
Venom
47%
Gizmo
45%
Zippy
43%
Paladin
42%
Backfire
41%
Hotshot
41%
Grog
40%
Ripper
32%
No matching quizzes found
Score Distribution
Percent of People with Each Score
Percentile by Number Answered
Your Score History
You have not taken this quiz